| 000 | 00475nam a2200229Ia 4500 | ||
|---|---|---|---|
| 001 | 067822 | ||
| 003 | YMCAF | ||
| 005 | 20230512160454.0 | ||
| 008 | 100717s1975 ||||||||||||||||| ||und|d | ||
| 020 | _a- | ||
| 024 | _a67822 | ||
| 035 | _a7285 | ||
| 040 |
_aYMCAF _beng _cIN-KoLT |
||
| 041 | _aeng | ||
| 100 | _aTTP, LAHORE | ||
| 245 | 0 | _aTRADE INFORMATION TOOL & DIE MAKER | |
| 250 | _a- | ||
| 260 |
_bLAHORE _c1975 |
||
| 653 | _a- | ||
| 653 | _a- | ||
| 942 |
_2ddc _cBK |
||
| 999 |
_c4731 _d4731 |
||